| 000 | 00536nam a2200193 i 4500 | ||
|---|---|---|---|
| 001 | 91411 | ||
| 003 | ES-MaACL | ||
| 005 | 20250718062539.0 | ||
| 007 | t| | ||
| 008 | 050131s1906 fr ||||1| fre d | ||
| 100 | 1 |
_aLévy-Bruhl, Lucien. _972014 |
|
| 245 | 1 | 3 |
_aLa morale et la science des moeurs / _cLucien Lévy-Bruhl. |
| 250 | _a3eme ed. | ||
| 260 |
_aParis : _b[s.n., _c1906] ( _eEvreux : _fCh. Herissey) |
||
| 300 |
_a300 p. ; _c23 cm. |
||
| 650 | 7 |
_aÉtica _2embne _912577 |
|
| 852 |
_aES-MaACL _jB-6844 |
||
| 999 |
_c91411 _d91411 |
||